Tipos de Pokémon - Statistics

Estatísticas Gerais
  • Esse quiz foi jogado 9 345 vezes
  • A pontuação média é 14 de 18
Estatísticas das Respostas
Pokémon Tipo % Correto
Mudkip Água
98%
Pikachu Elétrico
97%
Magby Fogo
95%
Groudon Terrestre
88%
Geodude Pedra
86%
Carnivine Planta
85%
Machop Lutador
83%
Tornadus Voador
76%
Sylveon Fada
74%
Muk Venenoso
74%
Duosion Psíquico
73%
Happiny Normal
70%
Mismagius Fantasma
67%
Skarmory Metálico
67%
Umbreon Noturno
67%
Wurmple Inseto
65%
Snorunt Gelo
64%
Zekrom Dragão
63%
Nenhum quiz correspondente encontrado
Distribuição das Pontuações
Porcentagem de Pessoas com Cada Pontuação
Percentil de Números Respondidos
Sua Pontuação Histórica
Você não jogou esse quiz